书目信息 |
| 题名: |
复杂传播网络下的电视新媒体受众研究
|
|
| 作者: | 李馥岑 著 | |
| 分册: | ||
| 出版信息: | 上海 上海交通大学出版社 2013 |
|
| 页数: | 168页 | |
| 开本: | 23cm | |
| 丛书名: | 全球传播与学术创新研究丛书 | |
| 单 册: | ||
| 中图分类: | G223 | |
| 科图分类: | ||
| 主题词: | 数字电视--Shu Zi Dian Shi--受众--研究 , 数字电视--Shu Zi Dian Shi , 受众--Shou Zhong | |
| 电子资源: | ||
| ISBN: | 978-7-313-09880-1 | |
| 000 | 01219nam0 22002891 450 | |
| 001 | 349749 | |
| 005 | 20161010091555.76 | |
| 010 | @a978-7-313-09880-1@dCNY28.00 | |
| 100 | @a20130903d2013 em y0chiy50 ea | |
| 101 | 0 | @achi |
| 102 | @aCN@b310000 | |
| 105 | @aa z 000yy | |
| 106 | @ar | |
| 200 | 1 | @a复杂传播网络下的电视新媒体受众研究@AFu Za Chuan Bo Wang Lao Xia De Dian Shi Xin Mei Ti Shou Zhong Yan Jiu@f李馥岑[等]著 |
| 210 | @a上海@c上海交通大学出版社@d2013 | |
| 215 | @a168页@c图@d23cm | |
| 225 | 2 | @a全球传播与学术创新研究丛书@AQuan Qiu Chuan Bo Yu Xue Shu Chuang Xin Yan Jiu Cong Shu@f张国良总主编 |
| 304 | @a著者还有:于晓静、郑洁、殷瑛、董占勋 | |
| 330 | @a本书展现当下中国城市居民的基本生活形态与媒介消费形态,梳理数字新媒体及新媒体广告的发展脉络,深入研究、分析数字电视新媒体的受众行为和广告资源价值,检验传统电视的收视和广告价值评估体系在数字电视新媒体领域实际应用中的不足。 | |
| 461 | 0 | @12001 @a全球传播与学术创新研究丛书@f张国良总主编 |
| 606 | 0 | @a数字电视@AShu Zi Dian Shi@x受众@x研究 |
| 606 | 0 | @a数字电视@AShu Zi Dian Shi |
| 606 | 0 | @a受众@AShou Zhong |
| 690 | @aG223@v5 | |
| 701 | 0 | @a李馥岑@ALi Fu Cen@4著 |
| 801 | 0 | @aCN@bTANGWEI@20160730 |
| 905 | @b0886570-4@dG223@e188@f5 | |
| 复杂传播网络下的电视新媒体受众研究/李馥岑[等]著.-上海:上海交通大学出版社,2013 |
| 168页:图;23cm.-(全球传播与学术创新研究丛书/张国良总主编) |
| ISBN 978-7-313-09880-1:CNY28.00 |
| 本书展现当下中国城市居民的基本生活形态与媒介消费形态,梳理数字新媒体及新媒体广告的发展脉络,深入研究、分析数字电视新媒体的受众行为和广告资源价值,检验传统电视的收视和广告价值评估体系在数字电视新媒体领域实际应用中的不足。 |
| ● |
| 相关链接 |
|
|
|
|
正题名:复杂传播网络下的电视新媒体受众研究
索取号:G223/188
 
预约/预借
| 序号 | 登录号 | 条形码 | 馆藏地/架位号 | 状态 | 备注 |
| 1 | 0886570 | 208865708 | 第一样本阅览室/ [索取号:G223/188] | 在馆 | |
| 2 | 0886571 | 208865717 | 第四借阅区/ [索取号:G223/188] | 在馆 | |
| 3 | 0886572 | 208865726 | 第四借阅区/ [索取号:G223/188] | 在馆 | |
| 4 | 0886573 | 208865735 | 第四借阅区/ [索取号:G223/188] | 在馆 | |
| 5 | 0886574 | 208865744 | 第四借阅区/ [索取号:G223/188] | 在馆 |